00340pab a2200145 454500008004000000100001900040245004200059260000900101300001300110362001200123650002000135650001200155650001400167773001300181180718b1979 xxu||||| |||| 00| 0 eng d aPatankar, P.G. aTraffic management in urban transport c1979 ap.83-97. aApr-Jun aUrban transport aTraffic aTransport aNagarlok